[Event "Mauricie op"]
[Site "Trois-Rivieres CAN"]
[Date "2006.03.18"]
[Round "3"]
[White "Benoit-Deschamps, Jean-Marc"]
[Black "Forget, David"]
[Result "1-0"]
[WhiteElo "2112"]
[BlackElo "1969"]
[PlyCount "45"]
[EventDate "2006.03.17"]
[EventType "swiss"]
[EventRounds "5"]
[EventCountry "CAN"]

1. d4 d5 2. c4 c6 3. Nf3 dxc4 4. a4 e6 5. Nc3 Bb4 6. e4 b5 7. Be2 Bb7 8. O-O
Nd7 9. axb5 Bxc3 10. bxc6 Bxc6 11. bxc3 Bxe4 12. Bxc4 Ne7 13. Re1 Bd5 14. Bxd5
Nxd5 15. c4 Ne7 16. d5 O-O 17. dxe6 fxe6 18. Rxe6 Nc5 19. Qxd8 Raxd8 20. Rxe7
Rd1+ 21. Re1 Rxe1+ 22. Nxe1 Rd8 23. Be3 1-0

[Event "Mauricie op"]
[Site "Trois-Rivieres CAN"]
[Date "2006.03.18"]
[Round "3"]
[White "Djerkovic, Miladin"]
[Black "Fortier, Marc-Andre"]
[Result "1-0"]
[WhiteElo "2261"]
[BlackElo "2076"]
[PlyCount "81"]
[EventDate "2006.03.17"]
[EventType "swiss"]
[EventRounds "5"]
[EventCountry "CAN"]

1. e4 c5 2. Nf3 d6 3. d4 cxd4 4. Nxd4 Nf6 5. Nc3 g6 6. Be3 Bg7 7. f3 O-O 8. Qd2
Nc6 9. Bc4 Bd7 10. O-O-O Ne5 11. Bb3 Qa5 12. h4 Rfc8 13. h5 Nxh5 14. Nd5 Qxd2+
15. Rxd2 Kf8 16. g4 Nf6 17. Nxf6 Bxf6 18. g5 Bg7 19. Rxh7 Nc4 20. Bxc4 Rxc4 21.
Ne2 Kg8 22. Rh1 Ra4 23. Kb1 Ra5 24. c3 Be6 25. b4 Ra3 26. Bd4 a5 27. b5 Bc4 28.
Bxg7 Kxg7 29. Nd4 Rxc3 30. Kb2 Re3 31. Rdh2 Rg8 32. Rh7+ Kf8 33. Rc1 d5 34.
exd5 e5 35. Rxc4 exd4 36. Rc8+ Re8 37. Rc7 Re7 38. d6 Rxc7 39. dxc7 Ke7 40. b6
Rf8 41. Rh4 1-0

[Event "Mauricie op"]
[Site "Trois-Rivieres CAN"]
[Date "2006.03.18"]
[Round "3"]
[White "Larochelle, Martial"]
[Black "Gilbert, Erick"]
[Result "1-0"]
[WhiteElo "2130"]
[BlackElo "1885"]
[PlyCount "99"]
[EventDate "2006.03.17"]
[EventType "swiss"]
[EventRounds "5"]
[EventCountry "CAN"]

1. Nf3 Nf6 2. c4 e6 3. Nc3 c5 4. g3 Nc6 5. Bg2 Be7 6. O-O O-O 7. d4 cxd4 8.
Nxd4 Ne5 9. b3 Bb4 10. Bb2 Nc6 11. Rc1 e5 12. Ndb5 a6 13. Nd6 Qe7 14. Nf5 Qd8
15. a3 Bxc3 16. Rxc3 d5 17. cxd5 Nxd5 18. Bxd5 Bxf5 19. e4 Bd7 20. Rd3 Qe7 21.
Qh5 g6 22. Qh6 Be6 23. Bxc6 bxc6 24. Bxe5 f6 25. Bd6 Qf7 26. Bxf8 Rxf8 27. Qe3
f5 28. exf5 Qxf5 29. Re1 Bd5 30. h4 Qh3 31. Rxd5 cxd5 32. Qd4 Qd7 33. b4 Rf3
34. a4 Rf8 35. Rc1 Rd8 36. a5 Re8 37. Rd1 Rd8 38. Rd3 Qf7 39. Qb6 Rf8 40. Rd2
Qe7 41. Qd4 Rd8 42. Rd3 Rd6 43. Re3 Qd7 44. Re5 Qc6 45. Re7 Rf6 46. Kg2 Qd6 47.
Qa7 d4 48. Rg7+ Kf8 49. Rxh7 Ke8 50. Qa8+ 1-0

[Event "Mauricie op"]
[Site "Trois-Rivieres CAN"]
[Date "2006.03.18"]
[Round "3"]
[White "Libersan, Thierry"]
[Black "Pepin, Christian"]
[Result "1-0"]
[WhiteElo "2206"]
[BlackElo "2058"]
[PlyCount "111"]
[EventDate "2006.03.17"]
[EventType "swiss"]
[EventRounds "5"]
[EventCountry "CAN"]

1. c4 f5 2. d4 e6 3. g3 c6 4. Bg2 d5 5. Nf3 Nf6 6. O-O Bd6 7. Nc3 O-O 8. Qb3
Qb6 9. c5 Qxb3 10. axb3 Bc7 11. b4 Ne4 12. Bf4 Bxf4 13. gxf4 Nxc3 14. bxc3 Bd7
15. Ra5 Be8 16. Nd2 Bh5 17. f3 a6 18. Rfa1 Be8 19. e3 Kf7 20. Bf1 Ke7 21. c4
Kd8 22. b5 dxc4 23. bxa6 Rxa6 24. Rxa6 Nxa6 25. Bxc4 Nc7 26. Rb1 Kc8 27. Ba2
Bd7 28. Nc4 Nb5 29. Nb6+ Kc7 30. Bc4 Re8 31. Bxb5 cxb5 32. Nxd7 Kxd7 33. Rxb5
Kc7 34. Rb6 g6 35. Kf2 Re7 36. h4 Kd8 37. Ke2 Kc7 38. Kd3 Re8 39. Kc4 Re7 40.
Kd3 Re8 41. Ke2 Re7 42. Kf2 Kd8 43. Rd6+ Ke8 44. Ke2 Kf7 45. Kd3 Rc7 46. Kc4
Ke7 47. Kb5 Rc8 48. Rb6 Rb8 49. e4 Kd7 50. Kc4 h6 51. d5 fxe4 52. fxe4 exd5+
53. exd5 Rf8 54. Rxb7+ Kc8 55. Rg7 Rxf4+ 56. Kb5 1-0

[Event "Mauricie op"]
[Site "Trois-Rivieres CAN"]
[Date "2006.03.18"]
[Round "3"]
[White "Robichaud, Louis"]
[Black "Beaudoin, Stephane"]
[Result "0-1"]
[WhiteElo "2090"]
[BlackElo "1906"]
[PlyCount "62"]
[EventDate "2006.03.17"]
[EventType "swiss"]
[EventRounds "5"]
[EventCountry "CAN"]

1. e4 g6 2. d4 Bg7 3. f4 d6 4. Nc3 Nf6 5. Nf3 O-O 6. Bd3 Na6 7. O-O c5 8. d5
Rb8 9. f5 b5 10. Bxb5 Nxe4 11. Nxe4 Rxb5 12. fxg6 fxg6 13. c4 Rb4 14. Qc2 e6
15. Nc3 Nc7 16. a3 Rb7 17. Bg5 Qd7 18. Qd2 exd5 19. cxd5 Nb5 20. Bh6 Nxc3 21.
bxc3 Rb3 22. Bxg7 Qxg7 23. Rac1 Bf5 24. Ng5 Rfb8 25. g4 Rb2 26. Qf4 Bd3 27. Ne6
Qe7 28. Rf3 c4 29. Qh6 Be4 30. Re3 Rg2+ 31. Kf1 Rxg4 0-1

[Event "Mauricie op"]
[Site "Trois-Rivieres CAN"]
[Date "2006.03.18"]
[Round "3"]
[White "Szalay, Karoly"]
[Black "Voloaca, Mihnea"]
[Result "0-1"]
[WhiteElo "1758"]
[BlackElo "2272"]
[PlyCount "116"]
[EventDate "2006.03.17"]
[EventType "swiss"]
[EventRounds "5"]
[EventCountry "CAN"]

1. e4 c5 2. Nf3 e6 3. d4 cxd4 4. Nxd4 Qb6 5. Nb3 Qc7 6. Nc3 a6 7. Bd3 Nf6 8.
O-O d6 9. Be3 b5 10. f3 Be7 11. Qe2 Nbd7 12. Rad1 O-O 13. Qf2 Bb7 14. Kh1 Rac8
15. a3 Rfe8 16. Rfe1 Ne5 17. Bb6 Qd7 18. Be3 Ba8 19. Be2 Nc4 20. Bxc4 Rxc4 21.
Rd3 Qc7 22. Red1 d5 23. exd5 Nxd5 24. Nxd5 Bxd5 25. R3d2 Rh4 26. f4 Rg4 27. Qf1
Bf6 28. Qd3 Qc6 29. Rg1 Bxb2 30. Nd4 Qc4 31. Qxc4 Bxc4 32. Nc6 f6 33. Nb4 a5
34. Nc6 Bd5 35. Nd4 Rb8 36. Rb1 Bc3 37. Rf2 Bxd4 38. Bxd4 e5 39. Be3 exf4 40.
Bxf4 Bxg2+ 41. Rxg2 Rxf4 42. Rg3 Rf2 43. Rc3 Rd8 44. Re1 Rdd2 45. Rc8+ Kf7 46.
Rc7+ Kg6 47. Rg1+ Kf5 48. Rc5+ Ke4 49. Rxg7 Rf1+ 50. Rg1 Rxg1+ 51. Kxg1 Rd5 52.
Rc7 Kf3 53. h4 h5 54. c4 Rd1+ 55. Kh2 Rd2+ 56. Kg1 Rc2 57. Rc5 b4 58. Rxa5 b3
0-1

[Event "Mauricie op"]
[Site "Trois-Rivieres CAN"]
[Date "2006.03.18"]
[Round "3"]
[White "Zafirov, Stephane"]
[Black "Prahov, Valentin"]
[Result "1/2-1/2"]
[WhiteElo "2112"]
[BlackElo "2144"]
[PlyCount "30"]
[EventDate "2006.03.17"]
[EventType "swiss"]
[EventRounds "5"]
[EventCountry "CAN"]

1. e4 c5 2. Nf3 e6 3. c4 Nc6 4. Nc3 Nf6 5. Be2 Be7 6. O-O O-O 7. d4 cxd4 8.
Nxd4 d5 9. cxd5 exd5 10. exd5 Nxd5 11. Nxd5 Qxd5 12. Nxc6 Qxc6 13. Bf3 Qb6 14.
Qe2 Be6 15. Be3 Qb4 1/2-1/2

[Event "Mauricie op"]
[Site "Trois-Rivieres CAN"]
[Date "2006.03.19"]
[Round "4"]
[White "Berube, Antoine"]
[Black "Ye, Ling Feng"]
[Result "1-0"]
[WhiteElo "2196"]
[BlackElo "2019"]
[PlyCount "65"]
[EventDate "2006.03.17"]
[EventType "swiss"]
[EventRounds "5"]
[EventCountry "CAN"]

1. e4 c5 2. Nf3 e6 3. d4 cxd4 4. Nxd4 Nf6 5. Nc3 d6 6. Be3 a6 7. f3 b5 8. Qd2
Nbd7 9. O-O-O Bb7 10. g4 h6 11. Bd3 b4 12. Nce2 d5 13. exd5 Nxd5 14. Kb1 Ne5
15. Bf2 Nxd3 16. Qxd3 Qc7 17. Rhe1 O-O-O 18. Qb3 Bd6 19. Rc1 Kd7 20. c4 bxc3
21. Nxc3 Qb8 22. Qa4+ Ke7 23. Nxd5+ Bxd5 24. Nf5+ Kf6 25. Nxd6 Qxd6 26. Bd4+
Kg6 27. Qc2+ f5 28. gxf5+ Kf7 29. Be5 Qd7 30. Qg2 Ke8 31. Rc7 Be4+ 32. fxe4
Qd3+ 33. Qc2 1-0

[Event "Mauricie op"]
[Site "Trois-Rivieres CAN"]
[Date "2006.03.19"]
[Round "4"]
[White "Fortier, Marc-Andre"]
[Black "Luksza, Arkadiusz"]
[Result "1/2-1/2"]
[WhiteElo "2076"]
[BlackElo "2213"]
[PlyCount "111"]
[EventDate "2006.03.17"]
[EventType "swiss"]
[EventRounds "5"]
[EventCountry "CAN"]

1. e4 e6 2. Qe2 Be7 3. g3 d5 4. d3 Nf6 5. Bg2 c5 6. Nf3 Nc6 7. O-O O-O 8. c3 b6
9. Rd1 Bb7 10. Bg5 h6 11. Bxf6 Bxf6 12. Nbd2 Qd7 13. h4 Rad8 14. e5 Be7 15. Nh2
d4 16. c4 Rde8 17. f4 f5 18. a3 Nd8 19. Qh5 Kh7 20. Bxb7 Qxb7 21. Qf3 Qxf3 22.
Nhxf3 Nc6 23. Kf2 Rb8 24. Ke2 Rb7 25. Rdc1 g6 26. Rh1 Rg8 27. Rag1 Bd8 28. Rb1
Bc7 29. Rbg1 h5 30. Rb1 Kg7 31. Rhc1 Rd8 32. Kd1 Kf7 33. Kc2 Ke8 34. Rh1 Kd7
35. Rhc1 a6 36. b3 Rdb8 37. Rd1 a5 38. Nf1 a4 39. Rb2 Ra7 40. Ra1 Bd8 41. N1d2
Rba8 42. Rba2 Ra5 43. bxa4 Rxa4 44. Kb3 R4a5 45. a4 Nb4 46. Ne1 Nxa2 47. Rxa2
R5a7 48. Nef3 Ke8 49. Ng1 Kf7 50. Nh3 Be7 51. Nf3 Ke8 52. Ra1 Kd7 53. Ra2 Kc6
54. Nhg5 Bxg5 55. Nxg5 Re7 56. Ra3 1/2-1/2

[Event "Mauricie op"]
[Site "Trois-Rivieres CAN"]
[Date "2006.03.19"]
[Round "4"]
[White "Le Duin, Thierry"]
[Black "Xiong, Jerry"]
[Result "0-1"]
[WhiteElo "2122"]
[BlackElo "1880"]
[PlyCount "88"]
[EventDate "2006.03.17"]
[EventType "swiss"]
[EventRounds "5"]
[EventCountry "CAN"]

1. d4 Nf6 2. Nf3 d6 3. Bf4 g6 4. e3 Bg7 5. h3 O-O 6. Bc4 c5 7. c3 Nc6 8. O-O
Qb6 9. Qc1 Na5 10. Bd3 c4 11. Be2 Bf5 12. Na3 Rac8 13. Nd2 Bd3 14. Bxd3 cxd3
15. Rd1 Nd5 16. Nf3 Nxf4 17. exf4 Qa6 18. Qb1 Bh6 19. g3 Qc6 20. Qxd3 a6 21.
Re1 Qd7 22. Kg2 b5 23. Qe2 Rfe8 24. Rad1 Nc4 25. Nb1 Qb7 26. b3 Nb6 27. Qe4 Qc7
28. Re2 Nd7 29. Kh2 Nf6 30. Qd3 Nd5 31. Rc1 Nxf4 32. gxf4 Bxf4+ 33. Kg2 Bxc1
34. Nfd2 Bxd2 35. Rxd2 e5 36. d5 Qe7 37. f3 Qg5+ 38. Kf2 e4 39. fxe4 Qf4+ 40.
Qf3 Qh2+ 41. Qg2 Qxg2+ 42. Kxg2 Rxe4 43. Kf3 Re1 44. Rb2 Rd1 0-1

[Event "Mauricie op"]
[Site "Trois-Rivieres CAN"]
[Date "2006.03.19"]
[Round "4"]
[White "Masse, Hugues"]
[Black "Benoit-Deschamps, Jean-Marc"]
[Result "1-0"]
[WhiteElo "2277"]
[BlackElo "2112"]
[PlyCount "117"]
[EventDate "2006.03.17"]
[EventType "swiss"]
[EventRounds "5"]
[EventCountry "CAN"]

1. d4 Nf6 2. c4 c5 3. d5 d6 4. Nc3 e6 5. e4 exd5 6. cxd5 g6 7. h3 Bg7 8. Nf3
O-O 9. Bd3 a6 10. a4 Nbd7 11. O-O Re8 12. Re1 Nh5 13. Bg5 Bf6 14. Bh6 Bg7 15.
Bg5 Bf6 16. Be3 Ne5 17. Be2 Nxf3+ 18. Bxf3 Ng7 19. Qd2 Be5 20. a5 f5 21. Bg5
Qc7 22. Na4 b5 23. axb6 Qb7 24. exf5 Nxf5 25. Nxc5 Qxb6 26. Nd3 Bb7 27. Nxe5
dxe5 28. Be3 Qd6 29. Rad1 e4 30. Bf4 Qxd5 31. Qb4 Qb5 32. Qxb5 axb5 33. Be2 Ba6
34. Rd7 b4 35. Bxa6 Rxa6 36. Rb7 Rae6 37. Rxb4 e3 38. fxe3 Nxe3 39. Rb7 Nd5 40.
Rxe6 Rxe6 41. Bh6 Re7 42. Rxe7 Nxe7 43. Kf2 Kf7 44. Kf3 Nf5 45. Bg5 Ke6 46. Ke4
Nd6+ 47. Kd4 Nb7 48. Bf4 Kf5 49. Bc7 Ke6 50. b4 h5 51. h4 Kd7 52. Bf4 Ke6 53.
g3 Kd7 54. Kd5 Nd8 55. b5 Nb7 56. Be5 Nd8 57. Bd6 Nf7 58. Bf4 Nd8 59. Ke5 1-0

[Event "Mauricie op"]
[Site "Trois-Rivieres CAN"]
[Date "2006.03.19"]
[Round "4"]
[White "Voloaca, Mihnea"]
[Black "Poirier, Erik"]
[Result "1-0"]
[WhiteElo "2272"]
[BlackElo "2059"]
[PlyCount "63"]
[EventDate "2006.03.17"]
[EventType "swiss"]
[EventRounds "5"]
[EventCountry "CAN"]

1. Nf3 Nf6 2. c4 c5 3. Nc3 Nc6 4. d4 cxd4 5. Nxd4 g6 6. e4 d6 7. Be2 Bg7 8. Be3
O-O 9. O-O Bd7 10. Rc1 a6 11. a4 Rb8 12. f3 Qa5 13. Kh1 Rfc8 14. Nc2 Ne5 15. b4
Qd8 16. Na3 a5 17. b5 Be6 18. Nd5 Ned7 19. Nf4 Nc5 20. Qc2 Nfd7 21. Rfd1 Nb6
22. Bxc5 Rxc5 23. Nxe6 fxe6 24. f4 Nd7 25. Bg4 Nf8 26. Nb1 Bh6 27. g3 e5 28.
Qf2 exf4 29. gxf4 e5 30. Rc3 Bxf4 31. Rcd3 Qg5 32. Qg2 1-0

[Event "Mauricie op"]
[Site "Trois-Rivieres CAN"]
[Date "2006.03.19"]
[Round "5"]
[White "Benoit-Deschamps, Jean-Marc"]
[Black "Beaudoin, Stephane"]
[Result "1-0"]
[WhiteElo "2112"]
[BlackElo "1906"]
[PlyCount "61"]
[EventDate "2006.03.17"]
[EventType "swiss"]
[EventRounds "5"]
[EventCountry "CAN"]

1. d4 Nf6 2. c4 e5 3. dxe5 Ng4 4. Bf4 Nc6 5. Nf3 Bb4+ 6. Nbd2 Qe7 7. e3 Ngxe5
8. Nxe5 Nxe5 9. Be2 O-O 10. O-O Ng6 11. Bg3 f5 12. Nb3 d6 13. a3 Bc5 14. Nxc5
dxc5 15. Bf3 Kh8 16. Qd2 Be6 17. Bxb7 Rab8 18. Bd5 Rbd8 19. Qa5 Bxd5 20. cxd5
f4 21. exf4 Rf5 22. Qxa7 h5 23. h3 Rdxd5 24. a4 h4 25. Bh2 Qd7 26. a5 Kh7 27.
a6 Rxf4 28. Qb7 Rg5 29. Bxf4 Nxf4 30. Qe4+ Ng6 31. f4 1-0

[Event "Mauricie op"]
[Site "Trois-Rivieres CAN"]
[Date "2006.03.19"]
[Round "5"]
[White "Hebert, Marc"]
[Black "Sauve, Richard"]
[Result "1/2-1/2"]
[WhiteElo "1666"]
[BlackElo "2011"]
[PlyCount "43"]
[EventDate "2006.03.17"]
[EventType "swiss"]
[EventRounds "5"]
[EventCountry "CAN"]

1. e4 e6 2. d4 d5 3. exd5 exd5 4. Nf3 Bd6 5. Bd3 Ne7 6. O-O O-O 7. Bg5 f6 8.
Bh4 Bf5 9. Bg3 Bxg3 10. hxg3 Bxd3 11. Qxd3 Qd7 12. Nc3 Nbc6 13. Ne2 Rfe8 14.
Rfe1 Rad8 15. c3 Ng6 16. Rad1 Nce7 17. Qd2 c6 18. Nf4 Nxf4 19. Qxf4 Nc8 20. a4
h6 21. Nh4 Nd6 22. Nf5 1/2-1/2

[Event "Mauricie op"]
[Site "Trois-Rivieres CAN"]
[Date "2006.03.19"]
[Round "5"]
[White "Larochelle, Martial"]
[Black "Ye, Ling Feng"]
[Result "1-0"]
[WhiteElo "2130"]
[BlackElo "2019"]
[PlyCount "47"]
[EventDate "2006.03.17"]
[EventType "swiss"]
[EventRounds "5"]
[EventCountry "CAN"]

1. Nf3 Nf6 2. c4 g6 3. Nc3 Bg7 4. e4 c5 5. d4 cxd4 6. Nxd4 d6 7. Be2 Nc6 8. Nc2
Be6 9. O-O O-O 10. Be3 Nd7 11. Qd2 Nde5 12. Nd5 f5 13. exf5 Bxf5 14. Nd4 Nxd4
15. Bxd4 e6 16. Nc3 Qh4 17. Rad1 Bh6 18. Be3 Bxe3 19. Qxe3 Nxc4 20. Bxc4 Qxc4
21. Rxd6 Rfd8 22. Rfd1 Qc7 23. Qxa7 Rdc8 24. Qd4 1-0

[Event "Mauricie op"]
[Site "Trois-Rivieres CAN"]
[Date "2006.03.19"]
[Round "5"]
[White "Libersan, Thierry"]
[Black "Fortier, Marc-Andre"]
[Result "1/2-1/2"]
[WhiteElo "2206"]
[BlackElo "2076"]
[PlyCount "82"]
[EventDate "2006.03.17"]
[EventType "swiss"]
[EventRounds "5"]
[EventCountry "CAN"]

1. e4 c5 2. Nf3 d6 3. d4 cxd4 4. Nxd4 Nf6 5. Nc3 g6 6. f3 Bg7 7. Bc4 Nc6 8. Be3
O-O 9. Qd2 Bd7 10. O-O-O Ne5 11. Bb3 Qa5 12. Bh6 Rfc8 13. Bxg7 Kxg7 14. h4 Rxc3
15. Qxc3 Qxc3 16. bxc3 a5 17. a3 Be8 18. g4 Rc8 19. g5 Nfd7 20. h5 Rxc3 21.
hxg6 hxg6 22. Rh3 Nf8 23. Kb2 Rc7 24. f4 Ned7 25. Nb5 Rc5 26. Nc3 Nb6 27. Nd5
Nxd5 28. Rxd5 Ne6 29. Rxc5 Nxc5 30. Re3 e6 31. c4 f6 32. Bc2 e5 33. Rf3 exf4
34. gxf6+ Kxf6 35. Rxf4+ Ke5 36. Rf8 Bc6 37. Rg8 Bxe4 38. Bxe4 Kxe4 39. Rxg6
Kd4 40. Rxd6+ Kxc4 41. Rh6 b5 1/2-1/2

[Event "Mauricie op"]
[Site "Trois-Rivieres CAN"]
[Date "2006.03.19"]
[Round "5"]
[White "Poirier, Erik"]
[Black "Laptos, Kris"]
[Result "0-1"]
[WhiteElo "2059"]
[BlackElo "2259"]
[PlyCount "72"]
[EventDate "2006.03.17"]
[EventType "swiss"]
[EventRounds "5"]
[EventCountry "CAN"]

1. d4 c5 2. d5 e5 3. c4 d6 4. Nc3 Be7 5. e4 Bg5 6. Bd3 Bxc1 7. Qxc1 Nf6 8. Nge2
a6 9. O-O Nbd7 10. Ng3 Nf8 11. Bc2 Ng6 12. Ba4+ Kf8 13. Nf5 Nxe4 14. Nxe4 Bxf5
15. Ng3 Bd3 16. Rd1 Nf4 17. Qc3 b5 18. cxb5 axb5 19. Bc2 Bxc2 20. Qxc2 g6 21.
Ne4 f5 22. Nc3 b4 23. Ne2 Nh5 24. a3 bxa3 25. bxa3 Kg7 26. Rdb1 Re8 27. Rb7+
Re7 28. Qb2 Nf6 29. f4 e4 30. Nc3 Rxb7 31. Qxb7+ Kg8 32. a4 Rb8 33. Qa6 Ng4 34.
Nb5 Qh4 35. h3 Qf2+ 36. Kh1 Ne3 0-1

[Event "Mauricie op"]
[Site "Trois-Rivieres CAN"]
[Date "2006.03.19"]
[Round "5"]
[White "Zafirov, Stephane"]
[Black "Masse, Hugues"]
[Result "0-1"]
[WhiteElo "2112"]
[BlackElo "2277"]
[PlyCount "120"]
[EventDate "2006.03.17"]
[EventType "swiss"]
[EventRounds "5"]
[EventCountry "CAN"]

1. e4 e5 2. Nf3 Nc6 3. Bc4 Bc5 4. c3 Nf6 5. d4 exd4 6. cxd4 Bb4+ 7. Bd2 Bxd2+
8. Nbxd2 d5 9. exd5 Nxd5 10. Qb3 Na5 11. Qa4+ Nc6 12. Qb3 Nce7 13. O-O O-O 14.
Rfe1 c6 15. Ne4 h6 16. Nc5 Qb6 17. Rad1 Qxb3 18. Bxb3 Rd8 19. Ne5 b6 20. Ne4 f6
21. Nc4 Kf8 22. h3 Bf5 23. Nc3 Nxc3 24. bxc3 Bg6 25. Ne3 Rd6 26. Rd2 Rad8 27.
Red1 Nd5 28. Nxd5 cxd5 29. c4 dxc4 30. Bxc4 Bf7 31. d5 b5 32. Bxb5 Rxd5 33.
Rxd5 Rxd5 34. Rxd5 Bxd5 35. a3 Ke7 36. f4 Kd6 37. Kf2 Kc5 38. Bd7 Kc4 39. f5
Kc3 40. g4 Kb2 41. a4 a5 42. Kg3 Ka3 43. Kh4 Bb3 44. Kh5 Bxa4 45. Bxa4 Kxa4 46.
Kg6 Kb5 47. Kxg7 a4 48. Kxf6 a3 49. Ke7 a2 50. f6 a1=Q 51. f7 Qe5+ 52. Kd7 Qh8
53. Ke7 Qe5+ 54. Kd7 Qf6 55. Ke8 Qe6+ 56. Kf8 Kc6 57. Kg7 Qe5+ 58. Kh7 Qf6 59.
Kg8 Qg6+ 60. Kf8 Kd7 0-1

[Event "Mauricie op U1600"]
[Site "Trois-Rivieres CAN"]
[Date "2006.03.17"]
[Round "1"]
[White "Gauthier-Raymond, Denis"]
[Black "Schumacher, Karl"]
[Result "1-0"]
[WhiteElo "1539"]
[BlackElo "1597"]
[PlyCount "81"]
[EventDate "2006.03.17"]
[EventType "swiss"]
[EventRounds "5"]
[EventCountry "CAN"]

1. c4 Nf6 2. Nc3 e6 3. e4 d5 4. e5 Nfd7 5. Nf3 Nb6 6. d3 a6 7. Be2 c5 8. a4 a5
9. Nb5 Bd7 10. Bg5 f6 11. exf6 gxf6 12. Bh4 Nc6 13. Nd2 Bg7 14. Nd6+ Kf8 15.
Bh5 Ne5 16. Nf3 Bxa4 17. Rxa4 Nxf3+ 18. gxf3 Qxd6 19. Bg3 e5 20. Ra3 dxc4 21.
O-O Bh6 22. Qa1 Bd2 23. dxc4 Nxc4 24. Rb3 b6 25. Qb1 a4 26. Qe4 axb3 27. Qxa8+
Kg7 28. Qe4 Rd8 29. Qg4+ Kh8 30. Bf7 Qd7 31. Be6 Qg7 32. Qh5 Qg6 33. Qh3 Nxb2
34. Bf5 Qg7 35. Ra1 Bc3 36. Ra6 h6 37. Be4 b5 38. Qf5 Bd4 39. Rb6 Rf8 40. Rb7
Rf7 41. Rb8+ 1-0

[Event "Mauricie op U2000"]
[Site "Trois-Rivieres CAN"]
[Date "2006.03.19"]
[Round "4"]
[White "Panayotov, Ivo"]
[Black "Morissette, Jean"]
[Result "1-0"]
[WhiteElo "1833"]
[BlackElo "1980"]
[PlyCount "81"]
[EventDate "2006.03.17"]
[EventType "swiss"]
[EventRounds "5"]
[EventCountry "CAN"]

1. e4 Nf6 2. Nc3 d5 3. exd5 Nxd5 4. Nxd5 Qxd5 5. Qf3 e6 6. c4 Qa5 7. Qc3 Nc6 8.
Qxa5 Nxa5 9. d4 Bb4+ 10. Bd2 Bxd2+ 11. Kxd2 O-O 12. Nf3 Rd8 13. Kc3 b5 14. cxb5
Nb7 15. Ne5 Bd7 16. Bd3 Rab8 17. a4 Nd6 18. f3 c6 19. bxc6 Be8 20. b4 f6 21.
Nc4 Bxc6 22. Rhd1 Nf7 23. b5 Bd5 24. Rac1 Rbc8 25. Kb4 Rc7 26. Rc2 e5 27. dxe5
Bxc4 28. Rxc4 Rxc4+ 29. Kxc4 Nxe5+ 30. Kc3 Rc8+ 31. Kb4 g5 32. a5 Kf7 33. b6
Rb8 34. Kc5 Ke7 35. Bf5 Rb7 36. bxa7 Rxa7 37. Kb6 Ra8 38. a6 Rh8 39. Kb7 h5 40.
a7 Nc4 41. Rd7+ 1-0

[Event "Mauricie op U2000"]
[Site "Trois-Rivieres CAN"]
[Date "2006.03.19"]
[Round "5"]
[White "Panayotov, Ivo"]
[Black "Myre, Eric"]
[Result "1-0"]
[WhiteElo "1833"]
[BlackElo "1894"]
[PlyCount "37"]
[EventDate "2006.03.17"]
[EventType "swiss"]
[EventRounds "5"]
[EventCountry "CAN"]

1. e4 c5 2. Nf3 Nc6 3. d4 cxd4 4. Nxd4 g6 5. c4 Bg7 6. Be3 Nf6 7. Nc3 Ng4 8.
Qxg4 Nxd4 9. Qd1 e5 10. Bd3 O-O 11. Qd2 a6 12. f3 d6 13. b3 Qa5 14. O-O Rd8 15.
Rfd1 b5 16. cxb5 Nxb5 17. Nxb5 axb5 18. Qxa5 Rxa5 19. Bb6 1-0

[Event "May TNT"]
[Site "Winnipeg CAN"]
[Date "2006.05.02"]
[Round "1"]
[White "Anderson, George"]
[Black "Prince, Colin"]
[Result "1-0"]
[WhiteElo "1524"]
[BlackElo "1876"]
[PlyCount "89"]
[EventDate "2006.05.02"]
[EventType "swiss"]
[EventRounds "2"]
[EventCountry "CAN"]

1. a3 e5 2. b4 d5 3. Bb2 Bd6 4. Nf3 Nd7 5. e3 Ngf6 6. Bb5 c6 7. Ba4 O-O 8. O-O
Re8 9. d3 Nf8 10. Nbd2 e4 11. Bxf6 Qxf6 12. dxe4 dxe4 13. Nd4 Qh4 14. g3 Qh3
15. f3 exf3 16. Qxf3 f6 17. Nxc6 Bd7 18. Bb3+ Kh8 19. Nd4 Be5 20. Rad1 Ng6 21.
Nf5 Bc6 22. Bd5 h5 23. Bxc6 bxc6 24. Ne4 Rad8 25. Ned6 Bxd6 26. Nxd6 Ne5 27.
Qf5 Ng4 28. Rf2 Nxf2 29. Qg6 Qg4 30. Nf7+ Kg8 31. Nh6+ Kh8 32. Nxg4 Nh3+ 33.
Kg2 hxg4 34. Rxd8 Rxd8 35. Qxg4 Ng5 36. Qc4 Rd2+ 37. Kf1 Rxh2 38. Qxc6 Nh3 39.
c4 Kh7 40. c5 f5 41. Qb7 Ng5 42. c6 Ne4 43. c7 Nd2+ 44. Ke1 Nf3+ 45. Qxf3 1-0

[Event "May TNT"]
[Site "Winnipeg CAN"]
[Date "2006.05.02"]
[Round "1"]
[White "Evans, Brian"]
[Black "Kwiatek, Jordan"]
[Result "0-1"]
[WhiteElo "1438"]
[BlackElo "1839"]
[PlyCount "36"]
[EventDate "2006.05.02"]
[EventType "swiss"]
[EventRounds "2"]
[EventCountry "CAN"]

1. e4 c5 2. Nf3 d6 3. d4 cxd4 4. Nxd4 Nf6 5. Nc3 g6 6. Bb5+ Nbd7 7. Bg5 Bg7 8.
Qd2 h6 9. Bxf6 Bxf6 10. Nd5 Bg7 11. Qd3 O-O 12. Bxd7 Bxd7 13. Qb3 e6 14. Ne3 d5
15. exd5 exd5 16. Nxd5 Re8+ 17. Ne3 Qh4 18. c3 Rxe3+ 0-1

[Event "May TNT"]
[Site "Winnipeg CAN"]
[Date "2006.05.02"]
[Round "1"]
[White "Greenberg, Harley"]
[Black "Gibbons, Lorne"]
[Result "1-0"]
[WhiteElo "1719"]
[BlackElo "1317"]
[PlyCount "61"]
[EventDate "2006.05.02"]
[EventType "swiss"]
[EventRounds "2"]
[EventCountry "CAN"]

1. c4 c5 2. Nf3 b6 3. Nc3 Bb7 4. g3 Bxf3 5. exf3 Nc6 6. Bg2 g6 7. O-O Bg7 8. d3
Bxc3 9. bxc3 e6 10. d4 Qe7 11. d5 Ne5 12. f4 Nxc4 13. d6 Nxd6 14. Bxa8 Nf6 15.
Bb2 O-O 16. Bg2 Nc4 17. Qe2 Nd6 18. c4 Nde8 19. Rfd1 h5 20. g4 h4 21. g5 Nh5
22. a4 f6 23. gxf6 Nhxf6 24. a5 Qh7 25. Bh3 Nh5 26. Be5 Neg7 27. axb6 axb6 28.
Ra7 Nxf4 29. Bxf4 Rxf4 30. Bxe6+ dxe6 31. Rd8+ 1-0

[Event "May TNT"]
[Site "Winnipeg CAN"]
[Date "2006.05.02"]
[Round "1"]
[White "Khedkar, Jay"]
[Black "Reimer, Bruce"]
[Result "1-0"]
[WhiteElo "1854"]
[BlackElo "1505"]
[PlyCount "51"]
[EventDate "2006.05.02"]
[EventType "swiss"]
[EventRounds "2"]
[EventCountry "CAN"]

1. Nf3 Nf6 2. c4 e6 3. g3 b6 4. Bg2 Bb7 5. O-O Be7 6. Nc3 O-O 7. d4 d5 8. Ne5
Nc6 9. Bf4 Nh5 10. cxd5 Nxe5 11. dxe5 Nxf4 12. gxf4 exd5 13. Nxd5 Bxd5 14. Bxd5
Rb8 15. e4 Bc5 16. Qg4 Qe8 17. e6 fxe6 18. Bxe6+ Kh8 19. f5 Bd6 20. Rfe1 Be5
21. Rad1 Rd8 22. Re3 Rxd1+ 23. Qxd1 Bd6 24. Qg4 Be5 25. Rh3 Bf6 26. Rxh7+ 1-0

[Event "May TNT"]
[Site "Winnipeg CAN"]
[Date "2006.05.02"]
[Round "1"]
[White "Podmoroff, Yuri"]
[Black "Oberton, Daniel"]
[Result "1-0"]
[WhiteElo "1421"]
[BlackElo "1728"]
[PlyCount "63"]
[EventDate "2006.05.02"]
[EventType "swiss"]
[EventRounds "2"]
[EventCountry "CAN"]

1. e4 c5 2. Nf3 d6 3. d4 cxd4 4. Nxd4 Nf6 5. Nc3 g6 6. f3 Bg7 7. Be3 Nc6 8. Bc4
O-O 9. Qd2 Bd7 10. h4 h5 11. O-O-O Ne5 12. Bb3 Rc8 13. Bh6 Nc4 14. Bxc4 Rxc4
15. Nf5 Bxf5 16. exf5 Qa5 17. Bxg7 Kxg7 18. fxg6 fxg6 19. Qe2 Rc7 20. a3 Rfc8
21. g4 b5 22. g5 Ng8 23. Rd5 Rxc3 24. bxc3 Qxa3+ 25. Kb1 Rxc3 26. Rxb5 Rxf3 27.
Rf1 Rxf1+ 28. Qxf1 Qa6 29. Qc4 e6 30. Qc7+ Kh8 31. Rb7 Qf1+ 32. Kb2 1-0

[Event "May TNT"]
[Site "Winnipeg CAN"]
[Date "2006.05.02"]
[Round "1"]
[White "Rumpel, Chris"]
[Black "Gibson, Fred"]
[Result "1-0"]
[WhiteElo "1607"]
[BlackElo "1187"]
[PlyCount "49"]
[EventDate "2006.05.02"]
[EventType "swiss"]
[EventRounds "2"]
[EventCountry "CAN"]

1. d4 d5 2. c4 c6 3. Nc3 Nf6 4. Nf3 e6 5. Bg5 Nbd7 6. e3 Be7 7. h3 h6 8. Bh4
O-O 9. Bd3 c5 10. cxd5 exd5 11. dxc5 Re8 12. b4 Nf8 13. O-O Bd7 14. Rc1 a6 15.
Bxf6 Bxf6 16. Nxd5 Bb5 17. Re1 Bxd3 18. Qxd3 g6 19. Nxf6+ Qxf6 20. Qd4 Kg7 21.
Qxf6+ Kxf6 22. c6 b6 23. a4 Re4 24. Red1 Rxb4 25. c7 1-0